নবীবংশ / (Record no. 40131)
[ view plain ]
| 000 -LEADER | |
|---|---|
| fixed length control field | 01116nam a2200277 a 4500 |
| 001 - CONTROL NUMBER | |
| control field | 40131 |
| 003 - CONTROL NUMBER IDENTIFIER | |
| rucl marc code | BD-RjUL |
| 005 - DATE AND TIME OF LATEST TRANSACTION | |
| control field | 20211209053137.0 |
| 008 - FIXED-LENGTH DATA ELEMENTS--GENERAL INFORMATION | |
| fixed length control field | 160423s1978 bg ||||| |||| 00| 0 ben d |
| 020 ## - INTERNATIONAL STANDARD BOOK NUMBER | |
| Terms of availability | : Tk.75.00 (V-1) |
| 035 ## - SYSTEM CONTROL NUMBER | |
| System control number | (BD-RjUL)40246 |
| 040 ## - CATALOGING SOURCE | |
| Original cataloging agency | BD-RjUL |
| Language of cataloging | ben |
| Transcribing agency | BD-RjUL |
| 041 ## - LANGUAGE CODE | |
| Language code of text/sound track or separate title | ben |
| 082 ## - DEWEY DECIMAL CLASSIFICATION NUMBER | |
| Edition number | 23 |
| Classification number | 297 |
| Author mark and year | SUN 1978 |
| 100 ## - MAIN ENTRY--PERSONAL NAME | |
| Personal name | সুলতান, সৈয়দ |
| 9 (RLIN) | 123570 |
| 245 ## - TITLE STATEMENT | |
| Title | নবীবংশ / |
| Statement of responsibility, etc. | সৈয়দ সুলতান বিরচিত ; আহমদ শরীফ |
| 260 ## - PUBLICATION, DISTRIBUTION, ETC. (IMPRINT) | |
| Place of publication, distribution, etc. | ঢাকা : |
| Name of publisher, distributor, etc. | বাংলা একাডেমী, |
| Date of publication, distribution, etc. | ১৯৭৮ |
| 300 ## - PHYSICAL DESCRIPTION | |
| Pagination | খন্ড ; |
| Size | ২১ সেমি. |
| 490 ## - SERIES STATEMENT | |
| Series statement | বাএ ; |
| Volume/sequential designation | ৯৯৮ (V-1) |
| 505 ## - FORMATTED CONTENTS NOTE | |
| Formatted contents note | খন্ড ১-- খন্ড ২ [রসুল চরিত, জয়কুম রাজার লড়াই জ্ঞান প্রদীপ ও পদাবলী] আহমদ শরীফ -- |
| 650 ## - SUBJECT ADDED ENTRY--TOPICAL TERM | |
| Topical term or geographic name as entry element | ইসলাম |
| 9 (RLIN) | 123571 |
| Topical term or geographic name as entry element | Islam |
| 9 (RLIN) | 123572 |
| 700 ## - ADDED ENTRY--PERSONAL NAME | |
| Personal name | শরীফ,আহমদ |
| 830 ## - SERIES ADDED ENTRY--UNIFORM TITLE | |
| Uniform title | বাএ ; |
| Volume number/sequential designation | ৯৯৮ (V-1) |
| 942 ## - ADDED ENTRY ELEMENTS (KOHA) | |
| Source of classification or shelving scheme | Dewey Decimal Classification |
| Koha item type | Books |
| Lost status | Source of classification or shelving scheme | Damaged status | Not for loan | Collection code | Permanent Location | Current Location | Shelving location | Date acquired | Source of acquisition | Cost, normal purchase price | Total Checkouts | Full call number | Date last seen | Copy number | Koha item type | Date checked out |
|---|---|---|---|---|---|---|---|---|---|---|---|---|---|---|---|---|
| Dewey Decimal Classification | Non-fiction | Central Library, University of Rajshahi | Central Library, University of Rajshahi | 12/01/1985 | Bangla Academy, Dhaka | 75.00 | B 297 SUN V-1 1978 | 23/04/2016 | C-2 | Books | ||||||
| Dewey Decimal Classification | Non-fiction | Central Library, University of Rajshahi | Central Library, University of Rajshahi | 12/01/1985 | Bangla Academy, Dhaka | 75.00 | B 297 SUN V-1 1978 | 21/07/2016 | C-3 | Books | ||||||
| Dewey Decimal Classification | Non-fiction | Central Library, University of Rajshahi | Central Library, University of Rajshahi | 12/10/1985 | Bangla Academy, Dhaka. | 60.00 | 2 | B 297 SUN V-2 1978 | 31/07/2017 | C-2 | Books | 10/07/2017 | ||||
| Dewey Decimal Classification | Not For Loan | Non-fiction | Central Library, University of Rajshahi | Central Library, University of Rajshahi | Reading Room | 19/03/1980 | Nimat books | 75.00 | B 297 SUN V-1 1978 | 20/08/2017 | C-1 | Books |